[Event "Oslo Sveins op 10th"]
[Site "Oslo"]
[Date "2017.06.26"]
[Round "7"]
[White "Evenshaug, Amadeus Hestvik"]
[Black "Trasti, Nora Christine"]
[Result "1-0"]
[WhiteElo "1214"]
[BlackElo "1359"]
[PlyCount "91"]
[EventDate "2017.06.23"]
[EventType "swiss"]
[EventRounds "9"]
[EventCountry "NOR"]
[SourceTitle "CBM 179 Extra"]
[Source "ChessBase"]
[SourceDate "2017.08.23"]
[SourceVersion "1"]
[SourceVersionDate "2017.08.23"]
[SourceQuality "1"]

1. e4 c5 2. Nf3 Nc6 3. Bb5 Nd4 4. Nxd4 cxd4 5. c3 a6 6. Bc4 e5 7. d3 Nf6 8. 0-0 Bc5 9. Kh1 0-0 10. f4 d6 11. h3 dxc3 12. Nxc3 b5 13. Bb3 b4 14. Nd5 Nxd5 15. Bxd5 Rb8 16. f5 Bb7 17. f6 Bxd5 18. exd5 gxf6 19. Bh6 Kh8 20. Bxf8 Qxf8 21. Rxf6 Bd4 22. Rb1 e4 23. Rf4 Be5 24. Rxe4 f5 25. Rc4 Qg7 26. Qc2 Rg8 27. Rc8 Qb7 28. Rxg8+ Kxg8 29. Qc6 Qf7 30. Rc1 Kg7 31. Qc7 Qxc7 32. Rxc7+ Kg6 33. b3 Bd4 34. Rc6 Bc5 35. Rxa6 Kf6 36. Ra8 Ke5 37. Rh8 Kxd5 38. Rxh7 f4 39. Rf7 Ke5 40. h4 Be3 41. h5 Ke6 42. Rg7 Kf6 43. Rg8 Kf7 44. Rg4 f3 45. gxf3 Kf6 46. Rxb4 1-0

[Event "Oslo Sveins op 10th"]
[Site "Oslo"]
[Date "2017.06.26"]
[Round "6"]
[White "Trasti, Nora Christine"]
[Black "Gaure, Sigurd Lauvas"]
[Result "0-1"]
[WhiteElo "1359"]
[BlackElo "1532"]
[PlyCount "102"]
[EventDate "2017.06.23"]
[EventType "swiss"]
[EventRounds "9"]
[EventCountry "NOR"]
[SourceTitle "CBM 179 Extra"]
[Source "ChessBase"]
[SourceDate "2017.08.23"]
[SourceVersion "1"]
[SourceVersionDate "2017.08.23"]
[SourceQuality "1"]

1. d4 Nf6 2. c4 g6 3. Nc3 Bg7 4. e4 d6 5. Nf3 0-0 6. Be2 Bg4 7. h3 Bxf3 8. Bxf3 e5 9. dxe5 dxe5 10. 0-0 c6 11. Qb3 Qc7 12. Rd1 Nbd7 13. Be3 a6 14. Rd2 b5 15. cxb5 axb5 16. a3 Rfd8 17. Rad1 Nb6 18. Rxd8+ Rxd8 19. Rxd8+ Qxd8 20. Bxb6 Qxb6 21. Qd1 c5 22. Nd5 Nxd5 23. exd5 Qd6 24. Be2 e4 25. Bxb5 Bxb2 26. a4 Bc3 27. Qb3 Ba5 28. Bc6 Bc7 29. g3 Qe5 30. Qb7 e3 31. Qc8+ Kg7 32. Qe8 exf2+ 33. Kxf2 Qxg3+ 34. Ke2 Qg2+ 35. Kd3 Qxh3+ 36. Kc4 Qa3 37. Qe1 h5 38. Be8 Qa2+ 39. Kxc5 Qc2+ 40. Kb5 Qb3+ 41. Kc5 Qb6+ 42. Kc4 Qf6 43. Bc6 Qf4+ 44. Kd3 Qf3+ 45. Kc4 Qg4+ 46. Kd3 Qf5+ 47. Kc4 Qc2+ 48. Kd4 Bb6+ 49. Ke5 Qf5+ 50. Kd6 Qf6+ 51. Kd7 Qd8# 0-1

[Event "Oslo Sveins op 10th"]
[Site "Oslo"]
[Date "2017.06.23"]
[Round "1"]
[White "Lindbol, Aleksander"]
[Black "Trasti, Nora Christine"]
[Result "1-0"]
[WhiteElo "2076"]
[BlackElo "1359"]
[PlyCount "69"]
[EventDate "2017.06.23"]
[EventType "swiss"]
[EventRounds "9"]
[EventCountry "NOR"]
[SourceTitle "CBM 179 Extra"]
[Source "ChessBase"]
[SourceDate "2017.08.23"]
[SourceVersion "1"]
[SourceVersionDate "2017.08.23"]
[SourceQuality "1"]

1. e4 c5 2. Nf3 Nc6 3. d4 cxd4 4. Nxd4 e5 5. Nb3 Nf6 6. Nc3 Bb4 7. Bd3 0-0 8. 0-0 d6 9. Bg5 Bxc3 10. bxc3 h6 11. Bh4 Qe7 12. Qe2 g5 13. Bg3 Be6 14. Rab1 Bg4 15. f3 Bh5 16. Qe3 Rac8 17. Rfd1 Qc7 18. Be2 Rfd8 19. h4 Qb6 20. Qxb6 axb6 21. Nd2 Ne7 22. Rxb6 Rxc3 23. Rxb7 Rd7 24. Rxd7 Nxd7 25. Bd3 Nc5 26. Nb1 Rxd3 27. cxd3 f6 28. Bf2 Ne6 29. Nc3 Be8 30. d4 gxh4 31. dxe5 dxe5 32. Nd5 Ng6 33. Nxf6+ Kf7 34. Nxe8 Kxe8 35. a4 1-0

[Event "Tromsoe Mars GP B"]
[Site "Tromsoe"]
[Date "2017.03.25"]
[Round "5"]
[White "Johnsen, Morten"]
[Black "Trasti, Nora Christine"]
[Result "1-0"]
[WhiteElo "917"]
[BlackElo "994"]
[PlyCount "77"]
[EventDate "2017.03.24"]
[EventType "swiss"]
[EventRounds "7"]
[EventCountry "NOR"]
[SourceTitle "EXT 2024"]
[Source "ChessBase"]
[SourceDate "2023.10.10"]
[SourceVersion "1"]
[SourceVersionDate "2023.10.10"]
[SourceQuality "1"]

1. d4 c5 2. c3 cxd4 3. cxd4 d5 4. Nf3 Nc6 5. Nc3 e6 6. Bg5 f6 7. Bh4 Nge7 8. e3 Nf5 9. Bg3 Nxg3 10. hxg3 a6 11. Bd3 h6 12. Nh4 Ne7 13. Qh5+ Kd7 14. Ng6 Nxg6 15. Bxg6 Bb4 16. a3 Be7 17. 0-0 b5 18. Nxd5 exd5 19. Qxd5+ Bd6 20. Qxa8 Rf8 21. Bf5+ Ke7 22. Bxc8 Qxc8 23. Qe4+ Qe6 24. Qb7+ Qd7 25. Qxa6 Rc8 26. Rfc1 Rxc1+ 27. Rxc1 Kf7 28. Qc6 Qxc6 29. Rxc6 Ke6 30. Rb6 b4 31. axb4 Kd7 32. e4 Bc7 33. Rb5 Kc6 34. Rc5+ Kb6 35. d5 Be5 36. b3 Bd4 37. Rc4 Be5 38. f4 Bd6 39. Rc6+ 1-0

[Event "Oslo op"]
[Site "Fornebu"]
[Date "2016.09.30"]
[Round "5"]
[White "Garcia, Megan Alyssa"]
[Black "Trasti, Nora Christine"]
[Result "1-0"]
[WhiteElo "1569"]
[BlackElo "1377"]
[PlyCount "63"]
[EventDate "2016.09.30"]
[EventType "swiss"]
[EventRounds "9"]
[EventCountry "NOR"]
[SourceTitle "EXT 2018"]
[Source "ChessBase"]
[SourceDate "2017.10.13"]
[SourceVersion "1"]
[SourceVersionDate "2017.10.13"]
[SourceQuality "1"]

1. e4 c5 2. Nf3 Nc6 3. d4 cxd4 4. Nxd4 e5 5. Nb3 Nf6 6. Nc3 d6 7. Be2 Be6 8. 0-0 d5 9. exd5 Nxd5 10. Nxd5 Qxd5 11. Qxd5 Bxd5 12. Be3 Be7 13. Rfd1 Be6 14. Nc5 Bf5 15. Nxb7 Bxc2 16. Rd2 Bf5 17. Bb5 Bd7 18. Rad1 Nd4 19. Bxd7+ Kxd7 20. Bxd4 exd4 21. Rxd4+ Kc8 22. Nd6+ Bxd6 23. Rxd6 Rf8 24. g3 Rb8 25. Rc1+ Kb7 26. Rd7+ Ka8 27. Rcc7 Rxb2 28. Rxa7+ Kb8 29. Rxf7 Rxa2 30. Rxf8+ Kxa7 31. Rf7+ Kb6 32. Rxg7 1-0

[Event "Helsingor Xtracon op"]
[Site "Helsingor"]
[Date "2016.07.28"]
[Round "7"]
[White "Petersen, Rasmus"]
[Black "Trasti, Nora Christine"]
[Result "1/2-1/2"]
[WhiteElo "1730"]
[BlackElo "1367"]
[PlyCount "67"]
[EventDate "2016.07.23"]
[EventType "swiss"]
[EventRounds "10"]
[EventCountry "DEN"]
[SourceTitle "CBM 173 Extra"]
[Source "ChessBase"]
[SourceDate "2016.08.29"]
[SourceVersion "1"]
[SourceVersionDate "2016.08.29"]
[SourceQuality "1"]

1. e4 c5 2. Nf3 Nc6 3. d4 cxd4 4. Nxd4 e5 5. Nb5 d6 6. N5c3 a6 7. Na3 Nf6 8. Bg5 Be6 9. Bc4 Be7 10. Qd2 Qb6 11. Bb3 0-0-0 12. 0-0-0 Bxb3 13. axb3 Rd7 14. Nc4 Qa7 15. Be3 Nd4 16. Bxd4 exd4 17. Qxd4 Kb8 18. Qxa7+ Kxa7 19. e5 Ng4 20. Rd2 Bg5 21. Rhd1 Bxd2+ 22. Rxd2 Rhd8 23. exd6 b5 24. f3 bxc4 25. fxg4 cxb3 26. Ne4 bxc2 27. Kxc2 f6 28. Kc3 Rc8+ 29. Kd4 Kb6 30. Kd5 Re8 31. Rc2 Re5+ 32. Kd4 Rxe4+ 33. Kxe4 Rxd6 34. Ke3 1/2-1/2

[Event "Helsingor Xtracon op"]
[Site "Helsingor"]
[Date "2016.07.25"]
[Round "4"]
[White "Trasti, Nora Christine"]
[Black "Dittrich, Hans Georg"]
[Result "1-0"]
[WhiteElo "1367"]
[BlackElo "1795"]
[PlyCount "49"]
[EventDate "2016.07.23"]
[EventType "swiss"]
[EventRounds "10"]
[EventCountry "DEN"]
[SourceTitle "CBM 173 Extra"]
[Source "ChessBase"]
[SourceDate "2016.08.29"]
[SourceVersion "1"]
[SourceVersionDate "2016.08.29"]
[SourceQuality "1"]

1. d4 c5 2. d5 d6 3. e4 g6 4. g3 Bg7 5. Bg2 e6 6. Nc3 Ne7 7. Nge2 exd5 8. exd5 0-0 9. Bg5 h6 10. Bf4 g5 11. Bc1 Bg4 12. Qd3 Ng6 13. f4 Bxc3+ 14. bxc3 Bxe2 15. Kxe2 a6 16. Kf2 gxf4 17. gxf4 Qh4+ 18. Qg3 f5 19. Bd2 c4 20. Rae1 Nd7 21. Re6 Rf6 22. Rhe1 Nc5 23. Qxh4 Nxh4 24. Rxf6 Nxg2 25. Rg6+ 1-0

[Event "Oslo Sveins op 9th"]
[Site "Oslo"]
[Date "2016.06.24"]
[Round "4"]
[White "Greibrokk, Maria"]
[Black "Trasti, Nora Christine"]
[Result "1-0"]
[WhiteElo "1596"]
[BlackElo "1391"]
[PlyCount "91"]
[EventDate "2016.06.24"]
[EventType "swiss"]
[EventRounds "9"]
[EventCountry "NOR"]
[SourceTitle "CBM 173 Extra"]
[Source "ChessBase"]
[SourceDate "2016.08.29"]
[SourceVersion "1"]
[SourceVersionDate "2016.08.29"]
[SourceQuality "1"]

1. e4 c5 2. Nf3 Nc6 3. d4 cxd4 4. Nxd4 e5 5. Nb3 Nf6 6. Nc3 Bb4 7. Bd3 d5 8. Nd2 Be6 9. 0-0 0-0 10. Qf3 Nd4 11. Qg3 Nh5 12. Qxe5 dxe4 13. Ndxe4 Nf6 14. Bg5 Be7 15. Be3 Nc6 16. Nxf6+ Bxf6 17. Qg3 Rc8 18. Rfd1 Qc7 19. Qxc7 Rxc7 20. Nb5 Rcc8 21. Nd6 Rb8 22. c3 Ne5 23. Bxa7 Rbd8 24. Bc2 Rd7 25. Ba4 Nc6 26. Bc5 Rb8 27. Ne4 Rxd1+ 28. Rxd1 Be5 29. Bd6 Rd8 30. Bxe5 Rxd1+ 31. Bxd1 Nxe5 32. Nd6 b6 33. a4 Kf8 34. Kf1 Ke7 35. Nb5 Bd7 36. Be2 Nc6 37. Ke1 Be6 38. Nd4 Nxd4 39. cxd4 Kd6 40. Kd2 Bb3 41. Bb5 f6 42. Kc3 Bd5 43. g3 Be4 44. Bd3 Kd5 45. Bxe4+ Kxe4 46. Kc4 1-0

[Event "Oslo Sveins op 9th"]
[Site "Oslo"]
[Date "2016.06.24"]
[Round "3"]
[White "Tenold, Andreas"]
[Black "Trasti, Nora Christine"]
[Result "1-0"]
[WhiteElo "1628"]
[BlackElo "1391"]
[PlyCount "73"]
[EventDate "2016.06.24"]
[EventType "swiss"]
[EventRounds "9"]
[EventCountry "NOR"]
[SourceTitle "CBM 173 Extra"]
[Source "ChessBase"]
[SourceDate "2016.08.29"]
[SourceVersion "1"]
[SourceVersionDate "2016.08.29"]
[SourceQuality "1"]

1. e4 c5 2. Nf3 Nc6 3. d4 cxd4 4. Nxd4 e5 5. Nf5 d6 6. Ne3 Nf6 7. f3 Be6 8. c4 Be7 9. b3 0-0 10. Bb2 Qc7 11. Be2 Qb6 12. Qd2 Nh5 13. g3 Rad8 14. Nc3 Bg5 15. Kf2 f5 16. exf5 Bxf5 17. Na4 Qc7 18. Qd5+ Kh8 19. Nxf5 Nf6 20. Qd1 Qd7 21. h4 Qxf5 22. hxg5 Ne4+ 23. Kg2 Nxg5 24. g4 Qf6 25. Qc2 Nd4 26. Bxd4 exd4 27. Raf1 h6 28. Nb2 Rde8 29. Rf2 Ne6 30. Nd3 Ng5 31. Rhf1 Qe7 32. Qd2 Rf7 33. Nf4 Kg8 34. Nd5 Qe6 35. Bd3 Qd7 36. Bg6 Ne4 37. Bxf7+ 1-0

[Event "Oslo Sveins op 9th"]
[Site "Oslo"]
[Date "2016.06.24"]
[Round "5"]
[White "Trasti, Nora Christine"]
[Black "Gronn, Embla Eikeland"]
[Result "0-1"]
[WhiteElo "1391"]
[BlackElo "1504"]
[PlyCount "116"]
[EventDate "2016.06.24"]
[EventType "swiss"]
[EventRounds "9"]
[EventCountry "NOR"]
[SourceTitle "CBM 173 Extra"]
[Source "ChessBase"]
[SourceDate "2016.08.29"]
[SourceVersion "1"]
[SourceVersionDate "2016.08.29"]
[SourceQuality "1"]

1. d4 d5 2. c4 c6 3. Nf3 Nf6 4. Bg5 e6 5. Nc3 Bb4 6. a3 Ba5 7. b4 Bc7 8. e3 0-0 9. Bd3 dxc4 10. Bxc4 Nbd7 11. e4 h6 12. Be3 Nb6 13. Bd3 Ng4 14. Bd2 e5 15. Be3 Nxe3 16. fxe3 exd4 17. exd4 Bg4 18. Ne2 Re8 19. h3 Bh5 20. g4 Bg6 21. e5 Bxd3 22. Qxd3 Bxe5 23. 0-0-0 Bc7 24. h4 Qd5 25. Rd2 Qc4+ 26. Qxc4 Nxc4 27. Ra2 Re3 28. Rf1 Rae8 29. Rf2 Rxa3 30. Rxa3 Nxa3 31. Nc3 Bb6 32. Kb2 Nb5 33. Nxb5 cxb5 34. Kc3 Rc8+ 35. Kd3 Rc4 36. Rb2 Kf8 37. Ke4 Ke7 38. Ke5 f6+ 39. Kd5 Kf7 40. g5 hxg5 41. hxg5 Ke7 42. Re2+ Kd7 43. gxf6 gxf6 44. Rb2 Ke7 45. Re2+ Kf7 46. Rb2 Kg6 47. Rg2+ Kh5 48. Ke6 Bxd4 49. Nxd4 Rxd4 50. Kxf6 Rxb4 51. Kf5 a5 52. Rg7 Kh4 53. Rxb7 a4 54. Ra7 Rb3 55. Ke5 a3 56. Kd5 b4 57. Kc4 Rb2 58. Rb7 a2 0-1